| 000 | 00656nac a22001931u 4500 | ||
|---|---|---|---|
| 008 | 080828s1986 ua||||||r||| 000 0dra d | ||
| 020 | _a9770220051 | ||
| 082 |
_a192 _bم ه ر _222 |
||
| 245 |
_aفلسفة برتراند رسل/ _cتأليف محمد مهران |
||
| 250 | _aط3 | ||
| 260 |
_aالقاهرة _bدار المعارف، 1986 _c1986. |
||
| 300 |
_a403 ص؛ _c24 سم |
||
| 504 | _aببليوجرافية: ص 395-403 | ||
| 511 | _aCatalogued by: Sara | ||
| 541 | _aألف باء; | ||
| 600 |
_916569 _aرسل، برتراند _d1872-1970 |
||
| 650 |
_915104 _aالفلسفة الغربية |
||
| 942 |
_cBB _k192م ه ر _2ddc |
||
| 999 |
_c5800 _d5800 |
||